Derecho de menores (Registro nro. 135789)

Detalles MARC
000 -LEADER
fixed length control field 00706cam a2200205 4500
005 - DATE AND TIME OF LATEST TRANSACTION
control field 20251007083531.0
008 - FIXED-LENGTH DATA ELEMENTS--GENERAL INFORMATION
fixed length control field 251007b ag |||||||| |||| 00| 0 spa d
020 ## - INTERNATIONAL STANDARD BOOK NUMBER
International Standard Book Number 9502008898
050 04 - LIBRARY OF CONGRESS CALL NUMBER
Classification number KHA462.M54
Item number S25 1995
100 1# - MAIN ENTRY--PERSONAL NAME
Personal name Sajón, Rafael
245 10 - TITLE STATEMENT
Title Derecho de menores
Statement of responsibility, etc / Rafael Sajón ; colaboración María Angélica Bernard ; prólogo de José Atilio Álvarez
250 ## - EDITION STATEMENT
Edition statement 1a ed.
260 ## - PUBLICATION, DISTRIBUTION, ETC. (IMPRINT)
Place of publication, distribution, etc Buenos Aires :
Name of publisher, distributor, etc Abeledo-Perrot,
Date of publication, distribution, etc 1995
300 ## - PHYSICAL DESCRIPTION
Extent 661 p. ;
Dimensions 23 cm.
650 #4 - SUBJECT ADDED ENTRY--TOPICAL TERM
Topical term or geographic name as entry element Niños
General subdivision Situación legal
Geographic subdivision Argentina
650 #4 - SUBJECT ADDED ENTRY--TOPICAL TERM
Topical term or geographic name as entry element Derecho de menores
Geographic subdivision Argentina
700 1# - ADDED ENTRY--PERSONAL NAME
Personal name Álvarez, José Atilio,
Relator term prólogo
700 1# - ADDED ENTRY--PERSONAL NAME
Personal name Bernard, María Angélica,
Relator term colaborador
942 ## - ADDED ENTRY ELEMENTS (KOHA)
Source of classification or shelving scheme Biblioteca del Cogreso de los Estados Unidos
Koha item type Libro
Existencias
Estado de pérdida Fuente de clasificación Estado del daño No para préstamo Ubicación permanente Ubicación actual Apartado o colección Fecha de adquisición Edición Área del conocimiento Clasificación Código de Barras Date last seen Número de copia Costo por reposición Tipo de recurso
  Biblioteca del Cogreso de los Estados Unidos     Biblioteca de la Facultad de Derecho y Ciencias Sociales "Felipe J. Tena" Biblioteca de la Facultad de Derecho y Ciencias Sociales "Felipe J. Tena" General 12/02/2020 1a ed. Ciencias Sociales y Administrativas KHA462.M54 S25 1995 BFD000012179 12/02/2020 1 1.00 Libro